000 00336nam a2200145Ia 4500
008 220803s9999 xx 000 0 und d
020 _a262560615
041 _aeng
082 _a712.36 FRA
100 _aFrancis M Ed.
_924982
245 _aMeaning Of Gardens
260 _aLondon
_bMIT Press
_c1990
300 _a284p
500 _aLANDS
999 _c15858
_d15858